R. P. Nicolai de Segura Angelopolitani, e societate Jesu, primariae theologiae cathedrae proffessori, et santae inquisitionis qualificatoris (Record no. 8759)
[ view plain ]
| 000 -CABECERA | |
|---|---|
| campo de control de longitud fija | 00867nam a2200217 a 4500 |
| 001 - NÚMERO DE CONTROL | |
| campo de control | BRCA_9111 |
| 005 - FECHA Y HORA DE LA ÚLTIMA TRANSACCIÓN | |
| campo de control | 20190320210526.0 |
| 008 - DATOS DE LONGITUD FIJA--INFORMACIÓN GENERAL | |
| campo de control de longitud fija | 051017s1731----sp-#######---#000-0#lat-# |
| 041 ## - CÓDIGO DE LENGUA | |
| Código de lengua del texto/banda sonora o título independiente | lat |
| 044 ## - CÓDIGO DEL PAÍS DE LA ENTIDAD EDITORA/PRODUCTORA | |
| Código MARC del país | sp |
| 084 ## - OTRO NÚMERO DE CLASIFICACIÓN | |
| Número de clasificación | BE142 |
| Número de documento/Ítem | .S45 1731 |
| 100 1# - ENTRADA PRINCIPAL--NOMBRE DE PERSONA | |
| Nombre de persona | Segura, Nicolai de |
| 9 (RLIN) | 22487 |
| 245 10 - MENCIÓN DE TÍTULO | |
| Título | R. P. Nicolai de Segura Angelopolitani, e societate Jesu, primariae theologiae cathedrae proffessori, et santae inquisitionis qualificatoris |
| Resto del título | tractatus de contractibus in genere et testamentis. |
| 260 ## - PUBLICACIÓN, DISTRIBUCIÓN, ETC. | |
| Lugar de publicación, distribución, etc. | Salmantica |
| Nombre del editor, distribuidor, etc. | Ex oficina typographica Antonii Josephi Villargordo |
| Fecha de publicación, distribución, etc. | 1731 |
| 300 ## - DESCRIPCIÓN FÍSICA | |
| Extensión | 611 p. |
| Dimensiones | 20.5 x 14.5 cm |
| 500 ## - NOTA GENERAL | |
| Nota general | En portada: Nunc primum in lucem prodit |
| 500 ## - NOTA GENERAL | |
| Nota general | Estado físico: presenta encuadernación en pergamino con presencia del pez de plata y cintas rotas |
| 650 14 - PUNTO DE ACCESO ADICIONAL DE MATERIA--TÉRMINO DE MATERIA | |
| Término de materia o nombre geográfico como elemento de entrada | Religión |
| Subdivisión cronológica | Siglo XVIII |
| 9 (RLIN) | 22488 |
| 902 ## - CATALOGADOR | |
| Iniciales | CFM |
| 942 ## - ELEMENTOS DE PUNTO DE ACCESO ADICIONAL (KOHA) | |
| Fuente del sistema de clasificación o colocación | Library of Congress Classification |
| Tipo de ítem Koha | Libros |
| Estado de retiro | Estado de pérdida | Estado dañado | No para préstamo | Localización permanente | Ubicación/localización actual | Fecha de adquisición | Total de préstamos | Signatura topográfica completa | Código de barras | Fecha visto por última vez | Precio válido a partir de | Tipo de ítem Koha |
|---|---|---|---|---|---|---|---|---|---|---|---|---|
| El ejemplar forma parte de la colección y puede ser consultado según las políticas vigentes. | Biblioteca del Museo Franz Mayer (Rogerio Casas-Alatriste) | Biblioteca del Museo Franz Mayer (Rogerio Casas-Alatriste) | 05/10/2017 | BE142 .S45 1731 | CFM00462 | 22/03/2019 | 22/03/2019 | Libros |